DISPENSING FOR PHARMACEUTICAL STUDENTS (Record no. 6024)

MARC details
000 -LEADER
fixed length control field 00418nam a22001577a 4500
005 - DATE AND TIME OF LATEST TRANSACTION
control field 20200225114956.0
008 - FIXED-LENGTH DATA ELEMENTS--GENERAL INFORMATION
fixed length control field 200225b xxu||||| |||| 00| 0 eng d
020 ## - INTERNATIONAL STANDARD BOOK NUMBER
ISBN 81-239-0902-0
041 ## - LANGUAGE CODE
Language code of text/sound track or separate title eng
100 ## - MAIN ENTRY--AUTHOR NAME
Personal name CARTER, S.J
245 ## - TITLE STATEMENT
Title DISPENSING FOR PHARMACEUTICAL STUDENTS
250 ## - EDITION STATEMENT
Edition statement 12th , Ed.1975
260 ## - PUBLICATION, DISTRIBUTION, ETC. (IMPRINT)
Place of publication NEW DELHI
Name of publisher CBS PUBLISHERS & DISTRIBUTORS PVT .LTD
Year of publication 1975
300 ## - PHYSICAL DESCRIPTION
Number of Pages 759p,
942 ## - ADDED ENTRY ELEMENTS (KOHA)
Koha item type Books
Holdings
Lost status Damaged status Collection code Home library Current library Shelving location Date acquired Source of acquisition Cost, normal purchase price Accession Number Koha item type
    Reference JRU Library JRU Library SHELF-3-D 25/02/2020 PURCHESS 575.00 23621 Books
    PHARMACY JRU Library JRU Library Shelf - 22- B 25/02/2020 PURCHESS 575.00 23622 Books
    PHARMACY JRU Library JRU Library Shelf - 22- B 25/02/2020 PURCHESS 575.00 23623 Books
    PHARMACY JRU Library JRU Library Shelf - 22- B 25/02/2020 PURCHESS 575.00 23624 Books
    PHARMACY JRU Library JRU Library Shelf - 22- B 25/02/2020 PURCHESS 575.00 23625 Books
    PHARMACY JRU Library JRU Library SHELF -11-D 09/09/2023       Books